00472 2200169 4500001002100000008004100021035002000062245004600082100001700128260003500145300001700180020002200197082001400219650004300233990001300276990001300289INLIS000000000002020 ind  a0010-0423002020 aSA`AD BIN ABI WAQQAS SANG PEMANAH PERTAMA aAHMAD TASWIN aYOGYAKARTAbINSAN MADANIc2010 a48 hlm.ccm. a978-979-026-021-4 a297.911 3 aZAMAN NABI MUHAMMAD SAW - KEPEMIMPINAN a100808-2 a100808-1